zpět

Detail výsledku týmu

Infinity c&c bar, Zlín

Datum a čas kvízu

30 Celkem bodů Celkový počet nahraných bodů na tomto kvízu bez doplňovacích otázek.
4. Pořadí na kvízu Konečné umístění týmu na tomto kvízu.

Zaznamenané odpovědi

# Otázka Odpověď Body Výsledky
1. Medvědu ušatému jménem Jirka v... Konopiště 1
2. Do tlakové automobilové myčky... kůň (s kočárem) 1
3. Reality show Bachelor ve střed... Sabina (Pšádová) 1
4. V noci na úterý jsme mohli na... C) 6 planet Sluneční soustavy najednou 0
5. Úterní zápas fotbalové Ligy mi... Benfica (Lisabon), Barcelona 1
6. Za půl bodu napište, jak se jm... Tři soutěsky; Čína 1
7. Kterým přídavným jménem na 11... geotermální 1
8. Akademik Lomonosov je ruská ja... B 0
9. Soustava Niagarských vodních e... o Nikolu Teslu 1
10. Téma zakončíme v České republi... med 1